Normal view
MARC view
- جوانب اقتصادية-العمل والعمال
Entry Topical Term
001 - CONTROL NUMBER
- control field: 17943
003 - CONTROL NUMBER IDENTIFIER
- control field: JO-AjAnu
005 - DATE AND TIME OF LATEST TRANSACTION
- control field: 20230606073147.0
008 - FIXED-LENGTH DATA ELEMENTS
- fixed length control field: 230606|| aca||aabn | a|a d
040 ## - CATALOGING SOURCE
- Original cataloging agency: JO-AjAnu
- Transcribing agency: JO-AjAnu
150 ## - HEADING--TOPICAL TERM
- Topical term or geographic name entry element: جوانب اقتصادية-العمل والعمال
670 ## - SOURCE DATA FOUND
- Source citation: Work cat.: (JO-AjAnu)9214: كينك،ج.ي؛ترجمة ضياء مجيد حسين الموسوي, author 17942, دراسات ماكميلان في الاقتصاد:اقتصاد العمل